00226nam a22000977a 4500003000400000082001900004100002200023245004900045260002600094300000800120SGT a610.7368bN15G aGORMAN, LINDA M.  aNEEB'S FUNDAMENTAL OF MENTAL HEALTH NURSING  aINDIA bJAYPEE c2015 a416